[Event "Giraldilla de La Habana op"]
[Site "Havana"]
[Date "2018.08.01"]
[Round "7"]
[White "Francos Requejo, Lazaro"]
[Black "Rodriguez Gomez, Juan Alberto"]
[Result "1-0"]
[WhiteElo "1922"]
[BlackElo "1744"]
[PlyCount "79"]
[EventDate "2018.07.28"]
[EventType "swiss"]
[EventRounds "9"]
[EventCountry "CUB"]
[SourceTitle "EXT 2021"]
[Source "ChessBase"]
[SourceDate "2020.10.23"]
[SourceVersion "1"]
[SourceVersionDate "2020.10.23"]
[SourceQuality "1"]

1. e4 c5 2. Nf3 Nc6 3. d4 cxd4 4. Nxd4 e6 5. Nc3 Qc7 6. Be3 a6 7. Qd2 Nf6 8. 0-0-0 Bb4 9. f3 Ne5 10. Nb3 b5 11. Kb1 Be7 12. Qf2 d6 13. Bb6 Qb8 14. Bd4 0-0 15. g4 Bb7 16. g5 Nfd7 17. Rg1 b4 18. Ne2 a5 19. f4 a4 20. fxe5 axb3 21. axb3 dxe5 22. Be3 Bxe4 23. Ng3 Bg6 24. h4 Rc8 25. Bd3 Bxd3 26. Rxd3 Qb7 27. h5 Qa6 28. Kc1 Nc5 29. Bxc5 Bxc5 30. Qf1 Bd4 31. Rxd4 exd4 32. Qxa6 Rxa6 33. Kb1 Ra5 34. Ne4 f5 35. gxf6 g6 36. hxg6 hxg6 37. Rxg6+ Kf7 38. Rg7+ Ke8 39. Nd6+ Kd8 40. f7 1-0

[Event "Maria Teresa Mora Memorial op"]
[Site "Havana"]
[Date "2018.03.08"]
[Round "1"]
[White "Morales Garcia, Alexei"]
[Black "Francos Requejo, Lazaro"]
[Result "1-0"]
[WhiteElo "2113"]
[BlackElo "1934"]
[PlyCount "113"]
[EventDate "2018.03.08"]
[EventType "swiss"]
[EventRounds "9"]
[EventCountry "CUB"]
[SourceTitle "EXT 2021"]
[Source "ChessBase"]
[SourceDate "2020.10.23"]
[SourceVersion "1"]
[SourceVersionDate "2020.10.23"]
[SourceQuality "1"]

1. d4 Nf6 2. Nf3 c5 3. d5 e6 4. c4 exd5 5. cxd5 d6 6. Nc3 g6 7. h3 Bg7 8. Bf4 0-0 9. e3 a6 10. a4 Re8 11. Be2 Qc7 12. 0-0 Nbd7 13. Bh2 Ne4 14. Nxe4 Rxe4 15. Qc2 Rb4 16. Ra2 Nf6 17. Rd1 Bf5 18. Bd3 Bxd3 19. Qxd3 Re8 20. Ne1 Ne4 21. Qc2 c4 22. Nd3 Rb3 23. a5 Rb5 24. Ra4 Rxd5 25. Rxc4 Qxa5 26. Bf4 Qd8 27. b4 Nf6 28. Rc1 h5 29. Qb3 Kh7 30. Rc7 Re7 31. Rc8 Qd7 32. e4 Rb5 33. R1c7 Qe6 34. Qxe6 Rxe6 35. Rxf7 g5 36. Be3 Ne8 37. Rb8 Kg6 38. Rfxb7 Rxb7 39. Rxb7 Rxe4 40. Rb6 Bd4 41. Rxa6 Bxe3 42. fxe3 Rxe3 43. Nc5 Kf5 44. Kf2 Rc3 45. Nb7 Rb3 46. Ra5+ Kf6 47. Rb5 g4 48. hxg4 hxg4 49. Na5 Rc3 50. Rb8 Nc7 51. b5 g3+ 52. Ke2 Nd5 53. b6 Nf4+ 54. Kd2 Ra3 55. Rf8+ Ke7 56. b7 Ra2+ 57. Kc3 1-0

[Event "Aleman Memorial"]
[Site "Havana"]
[Date "2018.??.??"]
[Round "4"]
[White "Blanco Milet, Leandro"]
[Black "Francos Requejo, Lazaro"]
[Result "1-0"]
[WhiteElo "2055"]
[BlackElo "1921"]
[PlyCount "110"]
[EventDate "2018.02.02"]
[EventType "swiss"]
[EventRounds "7"]
[EventCountry "CUB"]
[SourceTitle "EXT 2021"]
[Source "ChessBase"]
[SourceDate "2020.10.23"]
[SourceVersion "1"]
[SourceVersionDate "2020.10.23"]
[SourceQuality "1"]

1. e4 c5 2. Nc3 Nc6 3. f4 g6 4. Nf3 Bg7 5. Bb5 e6 6. Bxc6 dxc6 7. 0-0 Ne7 8. d3 0-0 9. Qe1 b5 10. f5 exf5 11. Qh4 f6 12. Be3 g5 13. Qf2 f4 14. Bxc5 Rf7 15. a4 Bd7 16. axb5 cxb5 17. Rxa7 Rxa7 18. Bxa7 Qc8 19. Bc5 Ng6 20. b4 f5 21. Nd5 fxe4 22. Nxg5 Rf5 23. Nb6 e3 24. Qf3 Qd8 25. Nh3 Be6 26. Qa8 Qxa8 27. Nxa8 Rxc5 28. bxc5 Bd4 29. Rb1 Bxh3 30. c3 Bxc3 31. gxh3 f3 32. c6 Ne7 33. c7 Bd4 34. Kf1 Bc3 35. Nb6 b4 36. Nd5 e2+ 37. Kf2 e1Q+ 38. Rxe1 Bxe1+ 39. Kxe1 Nc8 40. Nxb4 Kf7 41. Kf2 Ke6 42. Kxf3 Kd6 43. Kg4 Kxc7 44. Kh5 Kd6 45. Kh6 Ne7 46. Kxh7 Nf5 47. Kg6 Ke6 48. Kg5 Nd4 49. Kf4 Nf5 50. Nc2 Nd6 51. Ne3 Kf6 52. h4 Kg6 53. Kg4 Nf7 54. h5+ Kf6 55. d4 Ke6 1-0